00475nam a2200145Ia 4500008004100000020001800041082001200059100001800071245005300089260000900142500002700151942000700178952012900185999001500314260604s9999 xx 000 0 und d a9781529773927 a302 GUZ aGuzman935124 0aThe SAGE Handbook of Human-Machine Communication bSAGE aCommunication, Machine cBK 00104070aIIMVbIIMVcLOCKERd2026-06-04g15990.75l0o302 GUZp003501r2026-06-04 10:18:05v15990.75w2026-06-04yBKBGUZ c7883d7883